Hindīnā vikāsamāṃ Gujarātīono phāḷo. (Record no. 63171)

MARC details
000 -LEADER
fixed length control field 00667cam a22002291 4500
001 - CONTROL NUMBER
control field sa 65003452
003 - CONTROL NUMBER IDENTIFIER
control field DLC
005 - DATE AND TIME OF LATEST TRANSACTION
control field 20260227112123.0
008 - FIXED-LENGTH DATA ELEMENTS--GENERAL INFORMATION
fixed length control field 890912s1963 ii 000 0 gujo
010 ## - LIBRARY OF CONGRESS CONTROL NUMBER
LC control number sa 65003452
035 ## - SYSTEM CONTROL NUMBER
System control number (OCoLC)20330371
040 ## - CATALOGING SOURCE
Original cataloging agency DLC
Transcribing agency WaU
Modifying agency DLC
042 ## - AUTHENTICATION CODE
Authentication code premarc
050 00 - LIBRARY OF CONGRESS CALL NUMBER
Classification number PK1939
Item number .D3
100 1# - MAIN ENTRY--PERSONAL NAME
Personal name Dave, Janakaśaṅkara Manuśaṅkara.
245 10 - TITLE STATEMENT
Title Hindīnā vikāsamāṃ Gujarātīono phāḷo.
260 ## - PUBLICATION, DISTRIBUTION, ETC.
Date of publication, distribution, etc. [1963]
300 ## - PHYSICAL DESCRIPTION
Extent 7, 223 p.
Dimensions 18 cm.
410 20 - SERIES STATEMENT/ADDED ENTRY--CORPORATE NAME [OBSOLETE, CAN/MARC], [LOCAL, USA]
Corporate name or jurisdiction name as entry element Gujarat Vidyapith.
Title of a work Gūjarāta vidyāpīṭha granthāvali,
Volume number/sequential designation 132
500 ## - GENERAL NOTE
General note In Gujarati.
650 #0 - SUBJECT ADDED ENTRY--TOPICAL TERM
Topical term or geographic name entry element Hindi language
General subdivision Foreign elements
-- Gujarati.

No items available.

Powered by Koha